00460nam a22001697a 450000500170000000800410001702000180005802200150007604100120009108200120010310000120011524500560012725000190018326000330020230000300023565000250026520240924082243.0240924b |||||||| |||| 00| 0 eng d a9780409127065 a0409004480 aEnglish a349 JOU lEnglish aThe Law of South Africa /cWA Joubert and JA Faris  aThird Edition  aDurban: bLexisNexis, c2016 bvii, 569 pages; c26 cm.  aLegal practice bLaw